Najwięcej punktów w historii NBA - Statystyki

Ogólne statystyki
  • Ten quiz został rozwiązany 77 razy
  • Średni wynik to 6 z 10
Statystyki odpowiedzi
Zawodnik Liczba punktów % Poprawnych
Lebron James 38,652
100%
Kareem Abdul-Jabbar 38,387
82%
Michael Jordan 32,292
67%
Kobe Bryant 33,643
66%
Karl Malone 36,928
63%
Wilt Chamberlain 31,419
49%
Dirk Nowitzki 31,560
48%
Shaquille O'Neal 28,596
43%
Carmelo Anthony 28,289
31%
Moses Malone 27,409
22%
Nie znaleziono quizów pasujących do podanych kryteriów
Rozkład punktacji
Procent ludzi z każdym wynikiem
Percentyl według liczby udzielonych odpowiedzi
Twoja historia wyników
Nie rozwiązałeś tego quizu